000 01278nam a2200325Ia 4500
001 ebr10380328
003 CaPaEBR
006 m u
007 cr cn|||||||||
008 070413s2007 ne a sb 000 0 eng d
020 _z9042021624 (pbk.)
020 _z9789042021624 (pbk.)
040 _aCaPaEBR
_cCaPaEBR
035 _a(OCoLC)166291647
050 1 4 _aB831.2
_b.M685 2007eb
245 0 4 _aThe mourning after
_h[electronic resource] :
_battending the wake of postmodernism /
_cedited by Neil Brooks and Josh Toth.
260 _aAmsterdam ;
_aNew York :
_bRodopi,
_cc2007.
300 _axii, 306 p. :
_bill.
490 1 _aPostmodern studies ;
_v40
504 _aIncludes bibliographical references.
533 _aElectronic reproduction.
_bPalo Alto, Calif. :
_cebrary,
_d2011.
_nAvailable via World Wide Web.
_nAccess may be limited to ebrary affiliated libraries.
650 0 _aPostmodernism (Literature)
650 0 _aPostmodernism.
655 7 _aElectronic books.
_2local
700 1 _aBrooks, Neil
_q(Neil Edward),
_d1962-
700 1 _aToth, Josh.
710 2 _aebrary, Inc.
830 0 _aPostmodern studies ;
_v40.
856 4 0 _uhttp://site.ebrary.com/lib/rucke/Doc?id=10380328
_zAn electronic book accessible through the World Wide Web; click to view
999 _c207242
_d207242